| 000 | 00622nam a2200229Ia 4500 | ||
|---|---|---|---|
| 003 | OSt | ||
| 005 | 20220924135821.0 | ||
| 006 | a|||||r|||| 00| 0 | ||
| 007 | ta | ||
| 008 | 220923b |||||||| |||| 00| 0 ben d | ||
| 024 | _a292668 | ||
| 037 | _cTextual | ||
| 040 |
_aARTS _cARTS _bben |
||
| 041 |
_2ben _aben |
||
| 082 | _aO157,1M61:g(Y:351), N4 | ||
| 100 |
_aBandopadhya Salil Kumar _9210719 |
||
| 245 | 0 | _aRabindranath o lokasanskriti | |
| 260 | _c1994 | ||
| 650 | _aBENGALI LITERATURE | ||
| 942 |
_hO157,1M61:g(Y:351), N4 _cTEXL _2CC |
||
| 999 |
_c442068 _d442068 |
||